Primitivos portugueses do Museu de Setúbal.
Saved in:
| Main Author: | |
|---|---|
| Format: | Book |
| Language: | Portuguese |
| Published: |
[Lisboa]
Artis
[1955]
|
| Series: | Nova colecção de arte portuguesa ;
2. |
| Subjects: | |
| Tags: |
Add Tag
No Tags, Be the first to tag this record!
|
| LEADER | 00854nam a2200277I 4500 | ||
|---|---|---|---|
| 001 | 005492710-2 | ||
| 005 | 20020606163548.3 | ||
| 008 | 790214s1955 po f 000 0 por | ||
| 010 | |a 56041845 | ||
| 035 | 0 | |a ocm04651818 | |
| 040 | |a DLC |c ISM |d ISM |d HFL | ||
| 043 | |a e-po--- | ||
| 050 | 0 | |a ND825 |b .S3 | |
| 100 | 1 | |a Santos, Armando Vieira, |e ed. | |
| 245 | 1 | 0 | |a Primitivos portugueses do Museu de Setúbal. |
| 260 | |a [Lisboa] |b Artis |c [1955] | ||
| 300 | |a 16 p. |b 27 plates (part col.) |c 34 cm. | ||
| 490 | 1 | |a Nova colecção de arte portuguesa ; |v 2 | |
| 500 | |a In portfolio. | ||
| 504 | |a Includes bibliography. | ||
| 650 | 0 | |a Painting |z Portugal |z Setúbal. | |
| 651 | 0 | |a Setúbal, Portugal. |b Museu Municipal. | |
| 610 | 2 | 0 | |a Museu Municipal (Setúbal, Portugal) |
| 830 | 0 | |a Nova colecção de arte portuguesa ; |v 2. | |
| 988 | |a 20020608 | ||
| 906 | |0 DLC | ||


